| 000 | 00626nam a22002057a 4500 | ||
|---|---|---|---|
| 999 |
_c10172 _d10172 |
||
| 003 | AR-CdUCM | ||
| 008 | 190329b ||||| |||| 00| 0 spa d | ||
| 020 | _a978-84-9825-726-7 | ||
| 040 |
_aMUNICIPALIDAD PROVINCIAL DEL CUSCO _cBIBLIOTECA MUNICIPAL DEL CUSCO |
||
| 041 | _hspa | ||
| 082 |
_aES / 803 _bD14 |
||
| 100 |
_aDalmases, A. _926871 |
||
| 245 | _aLa leyenda del rey Arturo y sus caballeros / | ||
| 260 |
_aBarcelona : _bCombel, _c2012. |
||
| 300 |
_a190 páginas ; _bIlustraciones. _c25 cm. |
||
| 650 |
_aLiteratura infantil _9588 |
||
| 650 |
_aSiglo XXI _92856 |
||
| 942 |
_2ddc _cLIBROS |
||
| 945 |
_apjha _d2019-05-14 |
||